Cargando…

Aviation Infrastructure Performance : A Study in Comparative Political Economy /

"International transportation experts compare and contrast how different nations have managed their airports and air traffic control systems to address congestion and delays, carrier competition, and air travel safety and how well they are meeting the needs of their people"--Provided by pu...

Descripción completa

Detalles Bibliográficos
Clasificación:Libro Electrónico
Otros Autores: Rus, Gines de, Winston, Clifford, 1952-
Formato: Electrónico eBook
Idioma:Inglés
Publicado: Washington, D.C. : Brookings Institution Press, 2008.
Colección:Book collections on Project MUSE.
Temas:
Acceso en línea:Texto completo

MARC

LEADER 00000cam a22000004a 4500
001 musev2_8978
003 MdBmJHUP
005 20230905041027.0
006 m o d
007 cr||||||||nn|n
008 080124s2008 dcu o 00 0 eng d
010 |z  2008002979 
020 |a 9780815793960 
020 |z 0815793960 
020 |z 9780815793946 
035 |a (OCoLC)320325176 
040 |a MdBmJHUP  |c MdBmJHUP 
050 0 4 |a HE9797.4.E3  |b A95 2008 
082 0 |a 387.7/36  |2 22 
245 0 0 |a Aviation Infrastructure Performance :   |b A Study in Comparative Political Economy /   |c Clifford Winston, Gines de Rus, editors. 
264 1 |a Washington, D.C. :  |b Brookings Institution Press,  |c 2008. 
264 3 |a Baltimore, Md. :  |b Project MUSE,   |c 2012 
264 4 |c ©2008. 
300 |a 1 online resource (237 pages):   |b ill., map ; 
336 |a text  |b txt  |2 rdacontent 
337 |a computer  |b c  |2 rdamedia 
338 |a online resource  |b cr  |2 rdacarrier 
504 |a Includes bibliographical references and index. 
505 0 |a Introduction / Clifford Winston and Gines de Rus -- Part one: The United States and continental Europe -- Delayed! U.S. aviation infrastructure policy at a crossroads / Steven A. Morrison and Clifford Winston -- The European Union : evolution of privatization, regulation, and slot reform / David Gillen and Hans-Martin Niemeier -- Part two: Australia, New Zealand, the United Kingdom, and Canada -- Airport policy in Australia and New Zealand : privatization, light-handed regulation, and performance / Peter Forsyth -- Airport planning and regulation in the United Kingdom / Anne Graham -- Airport policy in Canada : limitations of the not-for-profit governance model / Michael W. Tretheway and Robert Andriulaitis -- Part three: China and developing countries -- Airport policy and performance in mainland China and Hong Kong / Anming Zhang and Andrew Yuen -- Air transportation infrastructure in developing countries : privatization and deregulation / Kenneth Button -- Synthesis and conclusions / Clifford Winston and Gines de Rus. 
520 |a "International transportation experts compare and contrast how different nations have managed their airports and air traffic control systems to address congestion and delays, carrier competition, and air travel safety and how well they are meeting the needs of their people"--Provided by publisher. 
588 |a Description based on print version record. 
650 0 |a Aeronautics  |x Safety measures. 
650 0 |a Air traffic control. 
650 0 |a Airports  |x Traffic control. 
650 0 |a Airports  |x Economic aspects. 
655 7 |a Electronic books.   |2 local 
700 1 |a Rus, Gines de. 
700 1 |a Winston, Clifford,  |d 1952- 
710 2 |a Project Muse.  |e distributor 
830 0 |a Book collections on Project MUSE. 
856 4 0 |z Texto completo  |u https://projectmuse.uam.elogim.com/book/8978/ 
945 |a Project MUSE - Custom Collection 
945 |a Project MUSE - Archive Complete Foundation 
945 |a Project MUSE - Archive Political Science and Policy Studies Foundation